| 000 | 00770nam a22001937a 4500 | ||
|---|---|---|---|
| 999 |
_c372034 _d372034 |
||
| 008 | 201127b ||||| |||| 00| 0 eng d | ||
| 040 |
_aDE-2950 _bger _cDE-2950 _erda |
||
| 041 | _ager | ||
| 245 |
_aGelungener Start für den RE1 _bInfrastruktur. Auf der Strecke zwischen Frankfurt, Fürstenwalde, Erkner und Berlin sind jetzt die Züge der Odeg unterwegs. Die ersten Fahrgäste sind zufrieden/ _cLisa Mahlke |
||
| 264 | _c2022 | ||
| 653 | _aFrankfurt (Oder) | ||
| 653 | _aFahrplanwechsel | ||
| 653 | _aRE 1 | ||
| 773 |
_dFrankfurt (Oder) Märkisches Verlags- und Druckhaus GmbH & Co KG _tMärkische Oderzeitung _g33. Jahrgang (2022) Nr. 289 vom 12.12.2022, S. 11, mit Foto. |
||
| 942 | _cA | ||